000 00546nam a22002057a 4500
005 20260417092544.0
008 260417b |||||||| |||| 00| 0 eng d
020 _a978-81-19679-59-1
_c300
040 _aMAIN
041 _aeng
082 _a821
_bNeo
100 _aNeog, B.
_qBiswajit
245 _aBritish Poetry and Drama
_bFrom 17th to 18th Century
250 _a2nd Revised Ed.
260 _aJorhat
_bBidya Bhawan
_cFebruary 2025
300 _a300 p. ;
_c15 x 22 cm
650 _aEnglish
700 _bKashyap, Kakoli
942 _2ddc
_cBK
999 _c16347
_d16347